[Event "2006 Edmonton Reserves"]
[Site "Edmonton"]
[Date "2006.02.23"]
[Round "8"]
[White "Khataw, Rahim"]
[Black "Rekhson, Vladislav"]
[Result "1/2-1/2"]
[WhiteElo "1706"]
[BlackElo "2025"]
[PlyCount "66"]
[EventDate "2006.01.05"]
[EventType "swiss"]
[EventRounds "8"]
[EventCountry "CAN"]

1. e4 c5 2. Nf3 a6 3. c3 d5 4. exd5 Qxd5 5. d4 cxd4 6. cxd4 Nf6 7. Be2 Bg4 8.
Nc3 Qd6 9. O-O e6 10. Be3 Be7 11. Rc1 O-O 12. Ne5 Bxe2 13. Qxe2 Nd5 14. Qf3 Nc6
15. Nxd5 exd5 16. Nxc6 bxc6 17. Rc2 Rfd8 18. Rfc1 Rac8 19. Qe2 Bf6 20. Qxa6 Ra8
21. Qxc6 Qxc6 22. Rxc6 Rxa2 23. Rb1 h6 24. Kf1 Rb8 25. Rc5 Rbxb2 26. Rxb2 Rxb2
27. Rxd5 Kf8 28. Ra5 Ke7 29. Ra6 Kd7 30. Bxh6 Bxd4 31. Be3 Bxe3 32. fxe3 Ke7
33. h3 Rc2 1/2-1/2

[Event "2006 Trumpeter Classic"]
[Site "Grande Prairie"]
[Date "2006.01.28"]
[Round "1"]
[White "Deimert, Elroy"]
[Black "Longson, Stan"]
[Result "1-0"]
[WhiteElo "1673"]
[BlackElo "1390"]
[PlyCount "35"]
[EventDate "2006.01.28"]
[EventType "swiss"]
[EventRounds "5"]
[EventCountry "CAN"]

1. e4 e5 2. Nf3 d6 3. Bc4 Be7 4. d4 exd4 5. Qxd4 Nf6 6. Nc3 c6 7. Bf4 O-O 8.
O-O-O b5 9. Be2 c5 10. Qd2 b4 11. Nd5 Nxe4 12. Nxe7+ Qxe7 13. Bxd6 Nxd6 14.
Qxd6 Qxe2 15. Rhe1 Qb5 16. Qxf8+ Kxf8 17. Rd8+ Qe8 18. Rexe8# 1-0

[Event "2006 Trumpeter Classic"]
[Site "Grande Prairie"]
[Date "2006.01.28"]
[Round "1"]
[White "Lefkowitz, Phil"]
[Black "Pradzinski, Tim"]
[Result "0-1"]
[WhiteElo "1648"]
[BlackElo "1801"]
[PlyCount "82"]
[EventDate "2006.01.28"]
[EventType "swiss"]
[EventRounds "5"]
[EventCountry "CAN"]

1. d4 d5 2. c4 e5 3. dxe5 d4 4. a3 Nc6 5. e3 dxe3 6. Qxd8+ Kxd8 7. Bxe3 Nxe5 8.
Nc3 Nf6 9. h3 c6 10. Be2 Be6 11. b3 Bd6 12. Nf3 Nxf3+ 13. Bxf3 h6 14. Rd1 Ke7
15. O-O Bxa3 16. Ra1 Bb2 17. Nd5+ cxd5 18. Bc5+ Ke8 19. Ra2 Bc3 20. cxd5 Nxd5
21. Re2 Rd8 22. Rc2 b6 23. Ba3 Bb4 24. Bxd5 Bxa3 25. Bxe6 fxe6 26. Ra2 Be7 27.
Rxa7 Kf7 28. f4 b5 29. f5 e5 30. g4 Kf6 31. Rc7 Rd3 32. Kg2 Ra8 33. Rf2 Rxb3
34. h4 Raa3 35. g5+ hxg5 36. hxg5+ Kxg5 37. Rxe7 Rg3+ 38. Kh2 Rgf3 39. Rxg7+
Kxf5 40. Rf7+ Ke4 41. Rb2 Rxf7 0-1

[Event "2006 Trumpeter Classic"]
[Site "Grande Prairie"]
[Date "2006.01.28"]
[Round "1"]
[White "Panteluk, Steven"]
[Black "Schech, Roland"]
[Result "0-1"]
[WhiteElo "1695"]
[BlackElo "1579"]
[PlyCount "76"]
[EventDate "2006.01.28"]
[EventType "swiss"]
[EventRounds "5"]
[EventCountry "CAN"]

1. e4 d5 2. exd5 Qxd5 3. d3 e5 4. Nc3 Qd8 5. Nf3 Nc6 6. g3 Nf6 7. Bg2 Bb4 8.
Bd2 O-O 9. O-O Bg4 10. a3 Bc5 11. Re1 a6 12. Na4 Ba7 13. b4 Qd5 14. Bc3 Qb5 15.
Nb2 Nd4 16. Rxe5 Nxf3+ 17. Bxf3 Bxf3 18. Qxf3 Qd7 19. Qxb7 Bd4 20. Rc5 Bxc5 21.
Bxf6 Bd4 22. Bxd4 Qxd4 23. Rb1 Qc3 24. Nc4 Qxc2 25. Re1 Qxd3 26. Qc6 Qc3 27.
Re3 Qc1+ 28. Kg2 Rad8 29. Qe4 Rd1 30. Ne5 Rh1 31. Nxf7 Qf1+ 32. Kf3 Rxf7+ 33.
Kg4 h5+ 34. Kg5 Qxf2 35. Qa8+ Rf8 36. Qd5+ Kh8 37. Re6 Rf1 38. Kxh5 Rf5+ 0-1

[Event "2006 Trumpeter Classic"]
[Site "Grande Prairie"]
[Date "2006.01.28"]
[Round "1"]
[White "White, Chris"]
[Black "Stutzman, Larry"]
[Result "0-1"]
[WhiteElo "1556"]
[BlackElo "1693"]
[PlyCount "124"]
[EventDate "2006.01.28"]
[EventType "swiss"]
[EventRounds "5"]
[EventCountry "CAN"]

1. d4 Nf6 2. c4 g6 3. Nc3 Bg7 4. e4 d6 5. Be2 O-O 6. f4 Nbd7 7. Nf3 Re8 8. O-O
a6 9. Qc2 c6 10. Bd2 Nf8 11. h3 b5 12. Rae1 Qb6 13. Be3 Nh5 14. Kh2 e5 15. c5
dxc5 16. dxe5 Ne6 17. g3 Nd4 18. Qc1 Bf8 19. Rd1 Rd8 20. Rd2 Be6 21. Rfd1 Nxe2
22. Nxe2 Bxa2 23. b4 Bc4 24. g4 Ng7 25. Ng3 Ne6 26. f5 Ng7 27. Rd7 Rxd7 28.
Rxd7 a5 29. Ng5 axb4 30. Nxf7 Ra2+ 31. Kh1 Bxf7 32. e6 Be8 33. Qb1 Qa5 34. Qb3
Ra1+ 35. Bg1 c4 36. Qe3 Bxd7 37. exd7 Qc7 38. Qd4 Ra8 39. e5 c3 40. Ne4 Rd8 41.
e6 c5 42. Qf6 Qb7 43. Qxd8 Qxe4+ 44. Kh2 Qe5+ 45. Kg2 Nxe6 46. fxe6 Qxe6 47.
Qxf8+ Kxf8 48. d8=Q+ Kf7 49. Qc7+ Qe7 50. Qf4+ Kg7 51. Be3 c2 52. Kf2 Qf7 53.
Ke2 Qxf4 54. Bxf4 b3 55. Be5+ Kf7 56. Bb2 c4 57. Kd2 b4 58. Bd4 c3+ 59. Kc1 Ke6
60. Bc5 Kd5 61. Bxb4 Kc4 62. Be7 Kd3 0-1

[Event "2006 Trumpeter Classic"]
[Site "Grande Prairie"]
[Date "2006.01.28"]
[Round "1"]
[White "Wong, Ford"]
[Black "Caughlin, Wade"]
[Result "1/2-1/2"]
[WhiteElo "1807"]
[BlackElo "1650"]
[PlyCount "68"]
[EventDate "2006.01.28"]
[EventType "swiss"]
[EventRounds "5"]
[EventCountry "CAN"]

1. d4 d5 2. c4 e6 3. Nc3 Nf6 4. Bg5 c6 5. e3 Nbd7 6. Nf3 Be7 7. Qc2 O-O 8. Bd3
dxc4 9. Bxc4 Nd5 10. Bxe7 Qxe7 11. e4 Nxc3 12. bxc3 b5 13. Bd3 e5 14. O-O a5
15. a4 b4 16. cxb4 axb4 17. Qxc6 Rb8 18. d5 Bb7 19. Qc2 Nc5 20. Nd2 Rfc8 21.
Qb1 Nxd3 22. Qxd3 Rc3 23. Qb5 Rbc8 24. d6 Qxd6 25. Qxb7 Qxd2 26. Qxb4 Qf4 27.
Rad1 g6 28. a5 R3c4 29. Qb7 Qxe4 30. Qxe4 Rxe4 31. Ra1 Ra8 32. a6 Rb4 33. Rfc1
Rb6 34. Ra5 Raxa6 1/2-1/2

[Event "2006 Trumpeter Classic"]
[Site "Grande Prairie"]
[Date "2006.01.28"]
[Round "2"]
[White "Caughlin, Wade"]
[Black "Panteluk, Steven"]
[Result "1/2-1/2"]
[WhiteElo "1650"]
[BlackElo "1695"]
[PlyCount "77"]
[EventDate "2006.01.28"]
[EventType "swiss"]
[EventRounds "5"]
[EventCountry "CAN"]

1. e4 e5 2. Nf3 Nc6 3. Bb5 a6 4. Ba4 b5 5. Bb3 d6 6. h3 Be7 7. O-O Nf6 8. Re1
O-O 9. c3 Na5 10. Bc2 c5 11. d4 exd4 12. cxd4 h6 13. d5 Nh7 14. Nbd2 Ra7 15.
Nf1 Bg5 16. Nxg5 Nxg5 17. Qh5 Qf6 18. Ng3 Nc4 19. f4 Nh7 20. Rb1 Re7 21. b3
Qd4+ 22. Kh2 Nf6 23. Qh4 Nb6 24. Bb2 Qd2 25. Bxf6 gxf6 26. Qxf6 Nxd5 27. exd5
Rxe1 28. Nh5 Qd4 29. Qxh6 Qg1+ 30. Kg3 Re3+ 31. Kh4 Rxh3+ 32. Kg5 Qxg2+ 33. Kf6
Rxh5 34. Qxh5 Qg7+ 35. Ke7 f6+ 36. Kxd6 Qd7+ 37. Kxc5 Qc7+ 38. Kd4 Qxf4+ 39.
Kc3 1/2-1/2

[Event "2006 Trumpeter Classic"]
[Site "Grande Prairie"]
[Date "2006.01.28"]
[Round "2"]
[White "Johnson, Dean"]
[Black "Stutzman, Larry"]
[Result "1/2-1/2"]
[WhiteElo "1668"]
[BlackElo "1693"]
[PlyCount "94"]
[EventDate "2006.01.28"]
[EventType "swiss"]
[EventRounds "5"]
[EventCountry "CAN"]

1. c4 c5 2. Nc3 Nc6 3. g3 g6 4. Bg2 Bg7 5. e3 e5 6. Nge2 Nge7 7. O-O O-O 8. Re1
d6 9. b3 Rb8 10. a3 a6 11. Bb2 b5 12. cxb5 axb5 13. Nc1 Be6 14. Bf1 b4 15. Ne4
bxa3 16. Rxa3 Nb4 17. Ng5 Bd7 18. Ne4 Bc6 19. Bg2 h6 20. d4 f5 21. Nd2 Bxg2 22.
Kxg2 e4 23. Nc4 Nec6 24. Qd2 d5 25. Ne5 Nxe5 26. dxe5 Re8 27. Rd1 Bxe5 28. Bxe5
Rxe5 29. Qc3 Qc7 30. Ne2 Rc8 31. Nf4 Qg7 32. Rda1 Re7 33. Qxg7+ Kxg7 34. Ra5 g5
35. Ne2 Nd3 36. Nc3 Rd8 37. Ra8 Rxa8 38. Rxa8 d4 39. exd4 cxd4 40. Nd5 Rb7 41.
Ra3 f4 42. gxf4 gxf4 43. Kf1 e3 44. fxe3 dxe3 45. Ke2 Nc1+ 46. Ke1 Rxb3 47.
Rxb3 Nxb3 1/2-1/2

[Event "2006 Trumpeter Classic"]
[Site "Grande Prairie"]
[Date "2006.01.28"]
[Round "2"]
[White "Longson, Stan"]
[Black "Lefkowitz, Phil"]
[Result "0-1"]
[WhiteElo "1390"]
[BlackElo "1648"]
[PlyCount "74"]
[EventDate "2006.01.28"]
[EventType "swiss"]
[EventRounds "5"]
[EventCountry "CAN"]

1. e4 c6 2. d3 d5 3. exd5 cxd5 4. Nf3 Bf5 5. g3 Nc6 6. c3 h6 7. Be3 Nf6 8. Nbd2
e5 9. d4 e4 10. Ne5 Nxe5 11. dxe5 Ng4 12. Bd4 Qc7 13. Bb5+ Bd7 14. Qa4 h5 15.
Bxd7+ Qxd7 16. Qxd7+ Kxd7 17. O-O-O b5 18. f3 e3 19. fxg4 exd2+ 20. Rxd2 hxg4
21. Re2 Ke6 22. Rf1 Rc8 23. Kb1 a6 24. Rf4 Be7 25. Rxg4 g6 26. h4 Rc4 27. Rf4
g5 28. hxg5 Rh1+ 29. Kc2 Bxg5 30. Rf3 a5 31. b3 Rc6 32. Be3 Be7 33. Ref2 b4 34.
Bd4 Bg5 35. Rf1 Rxf1 36. Rxf1 bxc3 37. Bxc3 d4 0-1

[Event "2006 Trumpeter Classic"]
[Site "Grande Prairie"]
[Date "2006.01.28"]
[Round "2"]
[White "Pradzinski, Tim"]
[Black "Deimert, Elroy"]
[Result "1-0"]
[WhiteElo "1801"]
[BlackElo "1673"]
[PlyCount "85"]
[EventDate "2006.01.28"]
[EventType "swiss"]
[EventRounds "5"]
[EventCountry "CAN"]

1. e4 c5 2. Nf3 Nc6 3. d4 cxd4 4. Nxd4 Nf6 5. Nc3 d6 6. Be2 a6 7. O-O Qc7 8.
Be3 e6 9. Kh1 b5 10. Bg5 Be7 11. Nxc6 Qxc6 12. e5 dxe5 13. Bxf6 Bb7 14. Bf3 Qc7
15. Bxb7 Qxb7 16. Bxe7 Qxe7 17. Qe2 f6 18. Rad1 O-O 19. a3 Rac8 20. Ne4 f5 21.
Nd6 Rc5 22. b4 Rd5 23. Rxd5 exd5 24. Nxb5 axb5 25. Qxb5 Qd6 26. Rd1 d4 27. c4
Rc8 28. c5 Qd5 29. Qd3 g6 30. f3 Ra8 31. Rd2 e4 32. fxe4 fxe4 33. Qxd4 Qxd4 34.
Rxd4 e3 35. Kg1 Rxa3 36. Kf1 Rb3 37. c6 Rc3 38. b5 Rc5 39. Rd7 Rxb5 40. c7 Rb1+
41. Ke2 Rb2+ 42. Kxe3 Rb3+ 43. Rd3 1-0

[Event "2006 Trumpeter Classic"]
[Site "Grande Prairie"]
[Date "2006.01.28"]
[Round "2"]
[White "Schech, Roland"]
[Black "Wong, Ford"]
[Result "0-1"]
[WhiteElo "1579"]
[BlackElo "1807"]
[PlyCount "118"]
[EventDate "2006.01.28"]
[EventType "swiss"]
[EventRounds "5"]
[EventCountry "CAN"]

1. e4 g6 2. d4 Bg7 3. Nf3 c6 4. Bd2 d5 5. e5 Bg4 6. h3 Bxf3 7. Qxf3 e6 8. Nc3
Qb6 9. Qd3 Ne7 10. Na4 Qc7 11. Be2 Nd7 12. g4 c5 13. Qa3 cxd4 14. Bg5 Nxe5 15.
O-O-O Rc8 16. Bb5+ N5c6 17. Bxe7 Qxe7 18. Qxe7+ Kxe7 19. Nc5 Nb4 20. Nd3 Nxd3+
21. Bxd3 Rhf8 22. f4 f6 23. h4 e5 24. Rhe1 e4 25. Bxe4 dxe4 26. Rxe4+ Kf7 27.
Rdxd4 Rc7 28. f5 gxf5 29. gxf5 Rfc8 30. c3 Kf8 31. Kd1 Rc5 32. Rd7 R5c7 33.
Red4 b6 34. h5 Ke8 35. R7d6 Re7 36. Re6 Rxe6 37. fxe6 Rd8 38. Ke2 Rxd4 39. cxd4
Ke7 40. d5 Kd6 41. Kf3 Bf8 42. Ke4 Be7 43. b4 a5 44. a3 axb4 45. axb4 Kc7 46.
b5 Kd6 47. Kd4 f5 48. Kc4 h6 49. Kd4 Bf6+ 50. Kc4 f4 51. e7 Kxe7 52. Kd3 Kd6
53. Ke4 Bg5 54. Kd4 f3 55. Kd3 Kxd5 56. Kc3 f2 57. Kb3 f1=Q 58. Kb4 Qc4+ 59.
Ka3 Bc1# 0-1

[Event "2006 Trumpeter Classic"]
[Site "Grande Prairie"]
[Date "2006.01.28"]
[Round "3"]
[White "Deimert, Elroy"]
[Black "Caughlin, Wade"]
[Result "1-0"]
[WhiteElo "1673"]
[BlackElo "1650"]
[PlyCount "71"]
[EventDate "2006.01.28"]
[EventType "swiss"]
[EventRounds "5"]
[EventCountry "CAN"]

1. e4 c5 2. Nf3 d6 3. d4 cxd4 4. Nxd4 Nf6 5. Nc3 a6 6. Bc4 e6 7. Bb3 Qc7 8. O-O
Nc6 9. Be3 Be7 10. Nxc6 Qxc6 11. Qf3 O-O 12. Rad1 b5 13. Rfe1 Bb7 14. Bg5 Rfe8
15. Qg3 b4 16. Ba4 Qc4 17. Bxe8 Rxe8 18. Na4 Qxc2 19. Qb3 Qxb3 20. axb3 Bxe4
21. Bxf6 Bc2 22. Bxe7 Bxd1 23. Rxd1 Rxe7 24. Rxd6 Kf8 25. Rxa6 Rd7 26. f3 Rd3
27. Nc5 Rd1+ 28. Kf2 Rd2+ 29. Kg3 Rxb2 30. Rb6 Ke7 31. Rxb4 f5 32. h4 Rc2 33.
Nd3 Kf6 34. Rb6 Rc3 35. Nf4 Re3 36. Nd5+ 1-0

[Event "2006 Trumpeter Classic"]
[Site "Grande Prairie"]
[Date "2006.01.28"]
[Round "3"]
[White "Johnson, Dean"]
[Black "Wong, Ford"]
[Result "0-1"]
[WhiteElo "1668"]
[BlackElo "1807"]
[PlyCount "42"]
[EventDate "2006.01.28"]
[EventType "swiss"]
[EventRounds "5"]
[EventCountry "CAN"]

1. c4 Nf6 2. g3 g6 3. Bg2 Bg7 4. Nc3 c5 5. e3 Nc6 6. Nge2 O-O 7. d4 cxd4 8.
exd4 d6 9. O-O Bf5 10. d5 Nb4 11. Nd4 Bd3 12. Re1 Bxc4 13. Qa4 Qb6 14. Be3 Ng4
15. Ne6 Nxe3 16. Nxf8 Ng4 17. Ne4 Kxf8 18. a3 Nd3 19. Qc2 Nxe1 20. Rxe1 Bd4 21.
Ng5 Bxf2+ 0-1

[Event "2006 Trumpeter Classic"]
[Site "Grande Prairie"]
[Date "2006.01.28"]
[Round "3"]
[White "Panteluk, Steven"]
[Black "Longson, Stan"]
[Result "1-0"]
[WhiteElo "1695"]
[BlackElo "1390"]
[PlyCount "59"]
[EventDate "2006.01.28"]
[EventType "swiss"]
[EventRounds "5"]
[EventCountry "CAN"]

1. e4 e5 2. f4 exf4 3. Nf3 d6 4. Bc4 Be7 5. O-O Nf6 6. Nc3 c6 7. a3 O-O 8. d4
d5 9. exd5 cxd5 10. Ba2 Nc6 11. Bxf4 Bf5 12. Qd2 Ne4 13. Nxe4 Bxe4 14. Rad1 Bf6
15. c3 Ne7 16. h3 Qd7 17. Bg5 Qf5 18. Bxf6 Qxf6 19. Ne5 Qd6 20. Rf4 Ng6 21.
Nxg6 fxg6 22. Rxe4 Kh8 23. Re5 Rf5 24. Rde1 h5 25. Bb1 Rf6 26. Qg5 Raf8 27. Re8
Kh7 28. Rxf8 Qxf8 29. Qxh5+ Kg8 30. Bxg6 1-0

[Event "2006 Trumpeter Classic"]
[Site "Grande Prairie"]
[Date "2006.01.28"]
[Round "3"]
[White "Stutzman, Larry"]
[Black "Pradzinski, Tim"]
[Result "1-0"]
[WhiteElo "1693"]
[BlackElo "1801"]
[PlyCount "139"]
[EventDate "2006.01.28"]
[EventType "swiss"]
[EventRounds "5"]
[EventCountry "CAN"]

1. e4 c5 2. Nf3 d6 3. Bc4 e6 4. O-O Nf6 5. d3 Be7 6. Nc3 O-O 7. Re1 Nc6 8. a3
a6 9. e5 dxe5 10. Nxe5 Nxe5 11. Rxe5 b5 12. Ba2 Bb7 13. Bg5 Qc7 14. Bxf6 Bxf6
15. Re3 Qc6 16. Rg3 Be5 17. Rg4 f5 18. Rg5 Bf4 19. Qh5 Bxg5 20. Qxg5 Rf6 21. f3
Rg6 22. Qe3 Rf8 23. Kf2 b4 24. Ne2 Rff6 25. Nf4 Rh6 26. Re1 Kf7 27. h3 bxa3 28.
Nd5 axb2 29. Nxf6 Rxf6 30. Qe5 a5 31. Qxb2 Rg6 32. Re3 f4 33. Re4 Qc7 34. Qe5
Qxe5 35. Rxe5 Ke7 36. Rxc5 Kd6 37. Rxa5 h6 38. Bc4 Rg5 39. Rxg5 hxg5 40. d4 Bd5
41. Bd3 e5 42. c4 Bf7 43. d5 Kc5 44. Bf5 Be8 45. Bd3 Bf7 46. Ke2 Be8 47. Kd2
Bd7 48. Kc3 Bc8 49. Bc2 Bd7 50. Bb3 Be8 51. Bc2 Bd7 52. Bg6 Bc8 53. Kd3 Ba6 54.
Ke4 Kd6 55. c5+ Kxc5 56. Kxe5 Bc4 57. d6 Kc6 58. Be8+ Kb7 59. Kf5 Bf1 60. Kxg5
Bxg2 61. Kg4 g5 62. Bd7 Kb6 63. Bf5 Kc6 64. d7 Kc7 65. Kxg5 Bxf3 66. Kxf4 Bh5
67. h4 Kd8 68. Kg5 Be2 69. h5 Bxh5 70. Kxh5 1-0

[Event "2006 Trumpeter Classic"]
[Site "Grande Prairie"]
[Date "2006.01.29"]
[Round "4"]
[White "Caughlin, Wade"]
[Black "White, Chris"]
[Result "1/2-1/2"]
[WhiteElo "1650"]
[BlackElo "1556"]
[PlyCount "112"]
[EventDate "2006.01.28"]
[EventType "swiss"]
[EventRounds "5"]
[EventCountry "CAN"]

1. e4 e6 2. d3 d5 3. Qe2 Be7 4. f4 b6 5. Nf3 Bb7 6. e5 Nh6 7. g3 Nf5 8. Bg2 Bc5
9. c3 Nd7 10. d4 Be7 11. O-O h5 12. Bh3 g6 13. c4 Ba6 14. b3 c5 15. Bb2 cxd4
16. Bxf5 gxf5 17. Bxd4 Nc5 18. Rd1 h4 19. Qe1 Ne4 20. Bf2 Nxf2 21. Kxf2 Bc5+
22. Kg2 Bb7 23. cxd5 Bxd5 24. Qe2 Ke7 25. Nc3 Bxf3+ 26. Qxf3 Qc7 27. Nb5 Qc8
28. Rac1 Qa6 29. a4 Rad8 30. Qc6 Rc8 31. Qd7+ Kf8 32. Qxa7 Qxa7 33. Nxa7 Re8
34. Rd7 Kg7 35. Rcd1 hxg3 36. hxg3 Rh6 37. Rh1 Re7 38. Rxe7 Bxe7 39. Rd1 Rh8
40. Rd7 Bc5 41. Nb5 Kg6 42. Nd6 f6 43. Nc4 Rh7 44. Rxh7 Kxh7 45. Kf3 Kg6 46.
exf6 Kxf6 47. b4 Bxb4 48. Nxb6 Bc3 49. Nc4 Bd4 50. a5 Ke7 51. g4 fxg4+ 52. Kxg4
Kd7 53. Kg5 Kc6 54. Ne5+ Kb5 55. Kf6 Be3 56. Kxe6 Bxf4 1/2-1/2

[Event "2006 Trumpeter Classic"]
[Site "Grande Prairie"]
[Date "2006.01.29"]
[Round "4"]
[White "Johnson, Dean"]
[Black "Deimert, Elroy"]
[Result "1-0"]
[WhiteElo "1668"]
[BlackElo "1673"]
[PlyCount "97"]
[EventDate "2006.01.28"]
[EventType "swiss"]
[EventRounds "5"]
[EventCountry "CAN"]

1. c4 Nf6 2. g3 g6 3. Bg2 Bg7 4. Nc3 O-O 5. e4 d6 6. Nge2 c5 7. O-O Nc6 8. d3
Bd7 9. h3 Qc8 10. Kh2 h6 11. Be3 Kh7 12. Rc1 Rh8 13. b3 Kg8 14. Rh1 Nh7 15. d4
Ng5 16. h4 Nh3 17. dxc5 dxc5 18. Nd5 b6 19. Qf1 g5 20. Bxh3 Be5 21. f4 g4 22.
Bg2 Bg7 23. e5 Kf8 24. Rd1 h5 25. Bc1 Nb4 26. Nxb4 Rb8 27. Nd5 Bc6 28. Nec3 Qb7
29. Ne3 e6 30. Bxc6 Qxc6 31. Qg2 Qe8 32. Qd2 Rb7 33. Qd8 Rb8 34. Qxe8+ Kxe8 35.
Rd3 Ke7 36. Ne4 f5 37. exf6+ Bxf6 38. Nxf6 Kxf6 39. Bb2+ Ke7 40. Bxh8 Rxh8 41.
Re1 Rf8 42. Nd5+ Kf7 43. Nc7 Rc8 44. Rd7+ Kf8 45. Rxe6 Rb8 46. Rg6 Rc8 47. Ne6+
Ke8 48. Rh7 a5 49. Rg8# 1-0

[Event "2006 Trumpeter Classic"]
[Site "Grande Prairie"]
[Date "2006.01.29"]
[Round "4"]
[White "Lefkowitz, Phil"]
[Black "Schech, Roland"]
[Result "1-0"]
[WhiteElo "1648"]
[BlackElo "1579"]
[PlyCount "85"]
[EventDate "2006.01.28"]
[EventType "swiss"]
[EventRounds "5"]
[EventCountry "CAN"]

1. d4 f5 2. g3 Nf6 3. Bg2 e6 4. c4 a5 5. Nc3 Be7 6. Nf3 d6 7. O-O O-O 8. Re1
Qe8 9. e4 fxe4 10. Nxe4 Nxe4 11. Rxe4 Qg6 12. Qe2 Nc6 13. d5 Nd8 14. Bd2 e5 15.
c5 Bf5 16. cxd6 Bxd6 17. Nh4 Qe8 18. Nxf5 Rxf5 19. Bh3 Rf8 20. f4 Nf7 21. Re1
Qd8 22. fxe5 Nxe5 23. Rxe5 Bxe5 24. Be6+ Kh8 25. Qxe5 c6 26. Bc3 Qf6 27. Qxf6
gxf6 28. d6 Kg7 29. d7 Kg6 30. g4 c5 31. Bc4 h5 32. Bb5 b6 33. gxh5+ Kxh5 34.
Re8 Rg8+ 35. Kf2 Kg5 36. a3 Rf8 37. b4 axb4 38. axb4 Ra2+ 39. Kf1 Rxe8 40.
dxe8=Q cxb4 41. Qg8+ Kf5 42. Bd3+ Kf4 43. Qg3# 1-0

[Event "2006 Trumpeter Classic"]
[Site "Grande Prairie"]
[Date "2006.01.29"]
[Round "4"]
[White "Pradzinski, Tim"]
[Black "Panteluk, Steven"]
[Result "1-0"]
[WhiteElo "1801"]
[BlackElo "1695"]
[PlyCount "65"]
[EventDate "2006.01.28"]
[EventType "swiss"]
[EventRounds "5"]
[EventCountry "CAN"]

1. e4 e5 2. f4 exf4 3. Nf3 g5 4. Bc4 d6 5. O-O Bg4 6. Nc3 Nc6 7. d4 Bg7 8. Ne2
a6 9. c3 Qe7 10. Bd5 Bd7 11. Qb3 O-O-O 12. e5 Be6 13. Bxe6+ fxe6 14. exd6 cxd6
15. Nxg5 Qxg5 16. Qxe6+ Kc7 17. Nxf4 Nge7 18. d5 Nb8 19. Nh3 Qe5 20. Rf7 Qxe6
21. dxe6 Bf8 22. Bg5 Re8 23. Rd1 h5 24. Nf4 Kc6 25. Nd3 Nd5 26. c4 Ne7 27. Nb4+
Kc5 28. a3 Nbc6 29. Be3+ Kxc4 30. Rf4+ Kb5 31. Nd5 Rc8 32. a4+ Ka5 33. Bb6# 1-0

[Event "2006 Trumpeter Classic"]
[Site "Grande Prairie"]
[Date "2006.01.29"]
[Round "4"]
[White "Wong, Ford"]
[Black "Stutzman, Larry"]
[Result "1/2-1/2"]
[WhiteElo "1807"]
[BlackElo "1693"]
[PlyCount "68"]
[EventDate "2006.01.28"]
[EventType "swiss"]
[EventRounds "5"]
[EventCountry "CAN"]

1. d4 Nf6 2. Nf3 g6 3. c4 Bg7 4. Nc3 O-O 5. e4 d6 6. Be2 Nc6 7. d5 Nb8 8. O-O
c6 9. Bg5 h6 10. Be3 Nbd7 11. Qc1 Kh7 12. Nd2 Ne5 13. h3 Ng8 14. f4 Nd7 15. Rb1
cxd5 16. cxd5 a5 17. Nb5 b6 18. Qc6 Rb8 19. Na7 Bb7 20. Qb5 Nc5 21. Nc6 Bxc6
22. dxc6 e6 23. b4 axb4 24. Qxb4 Ne7 25. Bb5 Qc7 26. Nb3 Nxc6 27. Qc4 Rfc8 28.
Nxc5 dxc5 29. e5 Rd8 30. Bxc6 Qxc6 31. Rb5 Rd7 32. Rfb1 Rdb7 33. a4 Bf8 34. Bd2
Be7 1/2-1/2

[Event "2006 Trumpeter Classic"]
[Site "Grande Prairie"]
[Date "2006.01.29"]
[Round "5"]
[White "Deimert, Elroy"]
[Black "Schech, Roland"]
[Result "0-1"]
[WhiteElo "1673"]
[BlackElo "1579"]
[PlyCount "104"]
[EventDate "2006.01.28"]
[EventType "swiss"]
[EventRounds "5"]
[EventCountry "CAN"]

1. e4 d5 2. exd5 Qxd5 3. Nc3 Qa5 4. Nf3 Nf6 5. Bc4 e6 6. d4 c6 7. O-O Be7 8.
Qe2 b5 9. Bb3 Ba6 10. Qe5 Nbd7 11. Qg5 Qb6 12. a3 c5 13. d5 c4 14. Ba2 Nxd5 15.
Nxd5 exd5 16. Qxd5 Bb7 17. Qf5 g6 18. Qf4 O-O 19. Qh6 Bxf3 20. gxf3 Bf6 21. Qh3
Qc6 22. Bh6 Rfe8 23. Rfe1 Bxb2 24. Rad1 Ne5 25. Re3 f6 26. Bf4 Rad8 27. Rxd8
Rxd8 28. Bxe5 Bxe5 29. Re1 Rd2 30. Bb1 Bd4 31. Rf1 Qd5 32. f4 f5 33. c3 Bc5 34.
Qg2 Qd7 35. h4 Bxa3 36. h5 Kg7 37. hxg6 hxg6 38. Kh1 Rd1 39. Rg1 Rxg1+ 40. Qxg1
Qd5+ 41. Kh2 Kf7 42. Kg3 a5 43. f3 Bc5 44. Qh2 Kg7 45. Kh4 Qd1 46. Bxf5 Be7+
47. Kg4 gxf5+ 48. Kxf5 Qxf3 49. Qg1+ Kf8 50. Qg6 Qd5+ 51. Kg4 Qg2+ 52. Kh5 Qh3#
0-1

[Event "2006 Trumpeter Classic"]
[Site "Grande Prairie"]
[Date "2006.01.29"]
[Round "5"]
[White "Longson, Stan"]
[Black "Caughlin, Wade"]
[Result "0-1"]
[WhiteElo "1390"]
[BlackElo "1650"]
[PlyCount "52"]
[EventDate "2006.01.28"]
[EventType "swiss"]
[EventRounds "5"]
[EventCountry "CAN"]

1. e4 c5 2. Nf3 d6 3. Nc3 Nc6 4. Bb5 Bd7 5. Bxc6 Bxc6 6. O-O g6 7. d3 Bg7 8.
Be3 e6 9. Rb1 Ne7 10. Ne2 O-O 11. Qd2 f5 12. exf5 Nxf5 13. Ng5 Qe7 14. Ne4 Qh4
15. N2g3 Be5 16. f4 Nxe3 17. fxe5 Nxf1 18. Rxf1 Rxf1+ 19. Kxf1 Qxh2 20. Nf6+
Kg7 21. Nge4 Bxe4 22. Nxe4 Qh1+ 23. Ke2 Qxg2+ 24. Kd1 Qh1+ 25. Qe1 Qh5+ 26. Kc1
Qxe5 0-1

[Event "2006 Trumpeter Classic"]
[Site "Grande Prairie"]
[Date "2006.01.29"]
[Round "5"]
[White "Panteluk, Steven"]
[Black "Johnson, Dean"]
[Result "1-0"]
[WhiteElo "1695"]
[BlackElo "1668"]
[PlyCount "85"]
[EventDate "2006.01.28"]
[EventType "swiss"]
[EventRounds "5"]
[EventCountry "CAN"]

1. e4 e5 2. f4 d5 3. exd5 c6 4. Nf3 e4 5. Qe2 cxd5 6. d4 Nf6 7. Ne5 Bd6 8. Qb5+
Nbd7 9. Be2 Qb6 10. c3 Qxb5 11. Bxb5 O-O 12. O-O Nb6 13. Nd2 Bd7 14. Bxd7 Nfxd7
15. Nb3 f6 16. Ng4 Rac8 17. Ne3 Rfe8 18. a4 Nc4 19. Nxd5 Ndb6 20. Nxb6 axb6 21.
f5 e3 22. Re1 Re4 23. g3 Rce8 24. Re2 h5 25. Ra2 h4 26. Na1 hxg3 27. h3 Nd2 28.
b3 Nf3+ 29. Kf1 Nh4 30. a5 g2+ 31. Kg1 Rf4 32. Rxg2 Nxg2 33. Kxg2 e2 34. Nc2
Rf1 35. Bd2 Bf4 36. Be1 Be3 37. axb6 Rxf5 38. c4 Re4 39. c5 Rf1 40. c6 Rg1+ 41.
Kf3 f5 42. cxb7 Rf1+ 43. Kxe2 1-0

[Event "2006 Trumpeter Classic"]
[Site "Grande Prairie"]
[Date "2006.01.29"]
[Round "5"]
[White "Stutzman, Larry"]
[Black "Lefkowitz, Phil"]
[Result "1-0"]
[WhiteElo "1693"]
[BlackElo "1648"]
[PlyCount "65"]
[EventDate "2006.01.28"]
[EventType "swiss"]
[EventRounds "5"]
[EventCountry "CAN"]

1. e4 c6 2. Nc3 d5 3. exd5 cxd5 4. d4 a6 5. Nf3 e6 6. Bd3 b5 7. O-O Nc6 8. a3
Bd6 9. Re1 Nge7 10. Bg5 O-O 11. Ne5 f6 12. Nxc6 Nxc6 13. Be3 b4 14. Na4 bxa3
15. bxa3 Qc7 16. g3 Na5 17. Bd2 Nc4 18. Bb4 Bd7 19. Nc5 Rfe8 20. Qe2 a5 21.
Nxd7 axb4 22. Qh5 Qxd7 23. Bxh7+ Kf8 24. Bg6 Ke7 25. Qh7 Kd8 26. axb4 Rxa1 27.
Rxa1 Qb7 28. Bxe8 Kxe8 29. Qg8+ Kd7 30. Ra8 Kc6 31. Qe8+ Kb6 32. b5 Qc7 33.
Ra6+ 1-0